000 01059nam a2200277 i 4500
001 186401
003 ES-MaACL
005 20250803102541.0
008 161107s1987 be |||| |dfre d
020 _a2-87027-198-0
080 _a821.133.1.09"18"
100 1 _aProust, Marcel,
_d1871-1922
_994056
245 1 0 _aSur Baudelaire, Flaubert et Morand /
_cMarcel Proust ; édition établie par Antoine Compagnon.
260 _aBruxelles :
_bComplexe,
_c[1987]
300 _a232 p. ;
_c18 cm.
490 1 _aLe regard littéraire ;
_v9
504 _aBibliografía: p. 227-232.
600 1 4 _aBaudelaire, Charles-
_xCrítica e interpretación.
_926515
600 1 4 _aFlaubert, Gustave,
_d1821-1880-
_xCrítica e interpretación
_951136
600 1 4 _aMorand, Paul,
_d1888-1976
_983133
650 4 _aLiteratura francesa-
_yS.XIX-
_xHistoria y crítica
_914589
700 1 _aCompagnon, Antoine,
_d1950-
_9139795
830 0 _aLe regard littéraire ;
_v9
_9192557
852 _aES-MaACL
_jL-30768
_z. - Donat. Miguel A. Velasco
999 _c186401
_d186401